header

CCNA wireless study guide (IUWNE 640-721) (Record no. 86556)

MARC details
000 -LEADER
fixed length control field 01243nam a2200325Ia 4500
082 04 - DEWEY DECIMAL CLASSIFICATION NUMBER
Classification number 004.6/8
100 1# - MAIN ENTRY--AUTHOR NAME
Personal name Lammle, Todd.
245 10 - TITLE STATEMENT
Title CCNA wireless study guide (IUWNE 640-721)
250 ## - EDITION STATEMENT
Edition statement 1st ed.
260 ## - PUBLICATION, DISTRIBUTION, ETC. (IMPRINT)
Place of publication Indianapolis, Ind. :
Name of publisher Wiley Technology Pub.,
Year of publication c2010.
300 ## - PHYSICAL DESCRIPTION
Number of Pages xxxvi, 512 p. :
Other physical details ill.
650 #0 - SUBJECT ADDED ENTRY--TOPICAL TERM
Topical Term Wireless LANs
Topical Term Telecommunications engineers
856 40 - ELECTRONIC LOCATION AND ACCESS
Uniform Resource Identifier http://site.ebrary.com/lib/rucke/Doc?id=10412636

No items available.

© 2026 Rongo University
Contact us: librarian | system librarian | Rongo university